| 000 | 00830cam a22002055a 4500 | ||
|---|---|---|---|
| 001 | L155846 | ||
| 008 | 120418s1835 xxk f 000 0 eng d | ||
| 035 | _a(Sirsi) u155846 | ||
| 041 | 0 | _aeng | |
| 100 | 1 |
_aDix, Thomas _d1769 or 70-1813 |
|
| 245 | 0 | 2 |
_aA treatise on land-surveying _bin seven parts... The whole illustrated with nearly two hundred diagrams, and a coloured plan of an estate |
| 250 |
_aSixth edition, corrected and greatly improved _bby Samuel Maynard |
||
| 260 |
_aLondon _bWhittaker and Co.; S. Poole; and John Souter _c1835 |
||
| 300 |
_axi, [1], 224, [4] p., 1 leaf of plates (folded) _bill, folded plan (col.) _c20x12cm |
||
| 583 |
_aCondition reviewed _c20120620 _lcondition level 2 |
||
| 651 | 4 |
_aGreat Britain _y1707- |
|
| 690 |
_aMeasurement _96256 |
||
| 700 | 1 |
_aMaynard, Samuel _d1790-1866 |
|
| 942 | _n0 | ||
| 999 |
_c113869 _d113869 |
||